logo

Bir Sreshtho Munshi Abdur Rouf Library
Jhenaidah Cadet College

MP3 সাধারণ জ্ঞান ২য় খন্ড (আন্তর্জাতিক) / (Record no. 7857)

MARC details
000 -LEADER
fixed length control field 00698nam a2200217 a 4500
001 - CONTROL NUMBER
JCCL Control Number 7857
003 - CONTROL NUMBER IDENTIFIER
JCCL marc code BD-JhCC
005 - DATE AND TIME OF LATEST TRANSACTION
control field 20180219110640.0
008 - FIXED-LENGTH DATA ELEMENTS--GENERAL INFORMATION
fixed length control field 171017s2012 bg |||| ||a| 00| 0 ben d
020 ## - INTERNATIONAL STANDARD BOOK NUMBER
International Standard Book Number 9789843332861
035 ## - SYSTEM CONTROL NUMBER
system control number (BD-JhCC)7857
040 ## - CATALOGING SOURCE
Original cataloging agency BD-JhCC
Modifying agency BD-JhCC
041 ## - LANGUAGE CODE
Language code of Book ben
082 ## - DEWEY DECIMAL CLASSIFICATION NUMBER
Classification number 001
Author mark and Year HOS 2012
100 ## - MAIN ENTRY--PERSONAL NAME
Personal name Hossain, Md Shahnewaz
245 ## - TITLE STATEMENT
Title MP3 সাধারণ জ্ঞান ২য় খন্ড (আন্তর্জাতিক) /
Statement of responsibility, etc ড. মো. শাহনেওয়াজ
260 ## - PUBLICATION, DISTRIBUTION, ETC. (IMPRINT)
Place of publication, distribution, etc ঢাকা :
Name of publisher, distributor, etc এমপি ৩ পাবলিকেশন,
Date of publication, distribution, etc ২০১২
300 ## - PHYSICAL DESCRIPTION
Pagination 523 p. :
Dimensions 22 cm.
650 ## - SUBJECT ADDED ENTRY--TOPICAL TERM
Topical term or geographic name as entry element General Knowledge
942 ## - ADDED ENTRY ELEMENTS (KOHA)
Source of classification or shelving scheme Dewey Decimal Classification
Koha item type Books
Holdings
Source of classification or shelving scheme Damaged status Not for loan Home library Current library Shelving location Date of accession Cost, normal purchase price Total Checkouts Full call number Barcode Date last seen Date checked out Copy number Koha item type Method of acquisition Currency Checked out
Dewey Decimal Classification     JCC Rouf Library JCC Rouf Library General Stacks 02/14/2018 270.00 1 001 HOS 2012 10281 09/04/2023 08/20/2023 C-1 Books      
Dewey Decimal Classification     JCC Rouf Library JCC Rouf Library General Stacks   330.00 5 001 HOS 2012 18538 03/04/2024 02/29/2024 C-2 Books Purchase BDT  
Dewey Decimal Classification     JCC Rouf Library JCC Rouf Library General Stacks   330.00 5 001 HOS 2012 18539 04/21/2024 04/21/2024 C-3 Books Purchase BDT 05/16/2024

JCC Library | Contacts | JCC Home

Last Update on 23 September 2017
Copyright @ 2017-2020 JCC Rouf Library
Rouf Library, Jhenidah Cadet College (JCC), Bangladesh